000 00251nam a2200121 i 4500
001 bg
245 0 _aMetallofizika.
_nVyp.40.
260 _aKiev,
_c1972.
040 _cBPK
041 _apol
942 _cKS
008 s pl f |000 0 pol
999 _c14515
_d14515
856 _uhttp://koha.tu.koszalin.pl/cgi-bin/koha/opac-detail.pl?biblionumber=14515
_yKatalog online BPK